MDQL
is popping MORE tags! Check the
thread
!
Quizzes
Events
Quiz Creation
Community
Videos
Private Events
Remove Ads
Sign In
Join for FREE
Feedback
Dark Mode
Quiz Categories
Sports
Geography
Music
Movies
Television
Just For Fun
Miscellaneous
History
Literature
Language
Science
Gaming
Entertainment
Religion
Holiday
For Kids
Quiz Lab
Recent
Popular Today
Quiz Kudos Today
Editor Picks
Curator Picks
Quizzes by...
Day
Popularity
Type
Ratings
Length
Year
Community
Subscriptions
Recent Discussions
Orange Saloon
Badges
Playlists
Quests
Create
Leaderboards
Showdown
Live 5
Trivia Bingo
Activity
Puzzle Library
Sporcle Events
Private Events
Virtual Trivia
Globe League
Become a Host
Pub Owners
SporcleCon
Opinionation
Our Games
Videos
Blog
Mobile Apps
Partnerships
Remove Ads and Go Orange
Feedback
Movies
Disney
Marvel Cinematic Universe
Movie Resume
Movie Titles
Oscar
Actor
Actress
Director
Pixar
Role
Movie Quotes
Movie Characters
Box Office
Nominee
Best Picture
Star Wars
James Bond
Horror Movies
Movies
Disney
Marvel Cinematic Universe
Movie Resume
Movie Titles
Oscar
Actor
Actress
Director
Pixar
Role
Movie Quotes
Movie Characters
Box Office
Nominee
Best Picture
Star Wars
James Bond
Horror Movies
Random Quiz
Search Sporcle
×
Quiz Lab
Quiz Lab
Movies
Superhero
Type in answers that appear in a list
Type in answers that appear in a list
Classic
Best Score? Go Orange.
Superhero Movie Villain Actors Stats
Can you name the Superhero Movie Villain Actors?
By
The_Iceman2288
8m
34 Questions
674 Plays
674 Plays
674 Plays
Comments
Comments
Give Quiz Kudos
Give Quiz Kudos
-
- Ratings
hide this ad
Replay
Link that replays current quiz
Next Quiz
Link to next quiz in quiz playlist
You Got
0%
They Got
Avg Score
59%
Avg Friend Score
Upgrade to see
Score Distribution
Jump to the score distribution portion of the page
Score
0/34
Timer
08:00
0
Plays Today
Movie
Actor
% Correct
Batman Forever
Jim Carrey
90.5%
Batman Returns
Danny DeVito
89.9%
Batman (1989)
Jack Nicholson
88.9%
The Dark Knight
Heath Ledger
88.7%
Batman Forever
Tommy Lee Jones
87.5%
Batman & Robin
Uma Thurman
83.2%
Batman Begins
Liam Neeson
80.3%
X-
Men
Ian McKellen
77.3%
Batman & Robin
Arnold Schwarzenegger
76.9%
Superman 1-
4
Gene Hackman
76.6%
Superman Returns
Kevin Spacey
76.1%
Spider-
Man
Willem Dafoe
75.8%
Batman Returns
Michelle Pfeiffer
74.8%
The Dark Knight
Aaron Eckhart
72.7%
Spider-
Man 3
Topher Grace
70.9%
Iron Man
Jeff Bridges
68.7%
Iron Man 2
Mickey Rourke
64.1%
Movie
Actor
% Correct
Batman Begins
Cillian Murphy
62.6%
Spider-
Man 2
Alfred Molina
61%
The Incredible Hulk
Tim Roth
54.2%
Spider-
Man 3
Thomas Haden Church
51.2%
X-
Men Origins: Wolverine
Liev Schreiber
44.1%
Captain America: The First Avenger
Toby Jones
43.3%
Fantastic Four: Rise of the Silver Surfer
Laurence Fishburne
42.9%
X-
Men 2
Brian Cox
42.6%
Thor
Tom Hiddleston
42%
Hulk
Nick Nolte
41.2%
Superman 1-
2
Terence Stamp
39.9%
Captain America: The First Avenger
Hugo Weaving
38.4%
Fantastic Four
Julian McMahon
37.2%
Green Lantern
Mark Strong
27%
Watchmen
Matthew Goode
19.6%
The Punisher: War Zone
Dominic West
15.3%
Green Lantern
Peter Saarsgard
9.5%
Quiz Playlist
Details
Report
Send in Message
Add To Playlist
Classic:
Type in answers that appear in a list
Last Updated: Feb 16, 2017
Quiz Scoreboard
CHALLENGE
Sign Up to Join the Scoreboard
Show All
Scores
Hide
Comments
May contain spoilers
Recently Published
Street Fighter Characters
by Artimus82
Gaming
60s
9x9 Crossword: Cartoon Network
by jackfrog10
Miscellaneous
3m
College Basketball Coaching Resumes
by pancakes188
Sports
9m
More to Explore
Quiz From the Vault
Featured Blog Post
Where Did the Easter Bunny Come From?
hide this ad
You Might Also Like...
Tags
Actor Quiz
Superhero Quiz
Character
Villains
Today's Top Quizzes in Movies
Browse Movies
hide this ad
Today's Top Quizzes in Superhero
Browse Superhero
Top Contributed Quizzes in Movies
1
Pick 5 Posters: Directed by Spielberg
2
7-to-1: Pixar Characters
3
Pick 5 Posters: Lowest-Rated Spielberg
4
Hidden Star Wars Character II
5
Sorting Actors
6
Sorting Actresses
7
Pick 5 Posters: Directed by Scorsese
8
Hidden Star Wars Character III
9
Pick 5 Posters: Star & Director
10
Hidden Star Wars Character IV
Explore More
Trending Topics
Marvel
Harry Potter
Kpop
NBA
Disney
Crossword
Anime
Puzzle
Country
Song
NFL
Pokémon
WWE
The Office
Soccer
hide this ad
More By:
The_Iceman2288
Quiz
Plays
Rating
Category
Featured
Created
Superhero Movie Villain Actors
674
4.17
Movies
Nov 1, 2009
Doctor Who writers (2005-present)
397
4.33
Television
Jun 3, 2010
Female Film Directors
114
1.75
Movies
Oct 23, 2010
Go to Creator's Profile
Score Distribution
Quiz Creator Spotlight
The_Iceman2288
Follow
Send a Message
Quizzes Created
-
Created Quiz Play Count
-
More By This Creator
Popular Quizzes Today
1
Find the US States - No Outlines Minefield
2
Find the Countries of Europe - No Outlines Minefield
3
The Countries of the World
4
Find the US States
5
Risky Map Clicking: Biggest States A-Z
6
US States
7
Popular People in 1961
8
Movies - When Are They Set?
More Movies Quizzes
Movies of 1985
Published
Trending Quizzes
Risky Map Clicking: Least Populous States A-Z
Countries of the World: 200 Million BC
1-10 Letter G Words
Risky Map Clicking: Next State Alphabetically
Adjectives in 80s TV Shows
Recently Updated
Leaping Animals
pecheneg
Reality TV Shows (A-Z)
bhenderson79
Rickey Henderson's Hall of Fame Teammates
pecheneg
Champions League XIs: Arsenal
pecheneg
Quick Pick: Celebrities in WWE's Hall of Fame
aduchscher
A-Z Keypad Blitz II
pecheneg
Multiple Oscar Actors
pecheneg
Mystery Phrase Blitz: Oscar 'Best Actors'
pecheneg
F. Scott Fitzgerald Novels
LTH
Pick 3 Villains
ddd62291
Trending Topics
Anime
Harry Potter
NBA
Disney
Kpop
Marvel
Crossword
Song
NFL
The Office
Country
WWE
Puzzle
Soccer
Pokémon
Your Account Isn't Verified!
In order to create a playlist on Sporcle, you need to verify the email address you used during registration. Go to your
Sporcle Settings
to finish the process.
Report this User
Report this user for behavior that violates our
Community Guidelines
.
Details:
Send Report
Go to the Sporcle.com Mobile Site →
Comments